000 00938 a2200445 4500
000 BKB
001 133081
005 20200902152041.0
008
010 _a
020 _a9781847874573
082 _a361.3071141
_bS66S
100 1 _aStogdon, Chris
110 _a
245 1 _aStudy skills for social workers
_cby Chris Stogdon and Robin Kiteley
250 _a
260 _aLos Angeles
_bSage Publication
_c2010
300 _a272p.
490 _a
_v
500 _a
600 _a
610 _a
611 _a
630 _a
650 _a
651 _a
654 _a
690 _aSocial work education; Study skills; Great Britain
700 _aKiteley, Robin
_b
_c
710 _a
_b
_c
711 _a
720 _a
730 _a
740 _a
752 _a
856 _a
_d
_f
904 _a
964 _a
_b
_c
_d
_e
_f
_g
965 _a
999 _c7409
_d7409